El sueño interminable : una investigación de john chatterton /

Guardado en:
Autor Principal: Pommaux, Yvan
Otros Autores: Iribarren, Lepoldo; trad.
Formato: Libro
Publicado: Buenos Aires : Ekaré, 2013
Materias:
Etiquetas: Agregar Etiqueta
Sin Etiquetas, Sea el primero en etiquetar este registro!
LEADER 00798nam a22002415a 4500
001 CEM.cems015546
005 20191217161121.0
008 130507s2013##################000#0#####d
003 CEMS
020 |a 9789871801305 
082 0 4 |a 843.9 
100 1 |a Pommaux, Yvan 
245 1 0 |a El sueño interminable :  |b una investigación de john chatterton /  |c Yvan Pommaux ; traducido Por Lepoldo Iribarren 
260 |a Buenos Aires :  |b Ekaré,  |c 2013 
300 |a 44 p. 
500 |a Título original: Le grand sommeil 
653 |a Literatura 
653 |a Literatura francesa 
653 |a Literatura infantil 
653 |a Cuentos infantiles 
653 |a Colección ciencias de la educación 
700 1 |a Iribarren, Lepoldo; trad. 
859 |a CEMS  |b BIB. CEMS - Ccias. Educacion  |h 843.9  |i P771-1  |k CE  |p 28974.19  |t Ej.1